Central Library OPAC University of Rajshahi

রবীন্দ্রনাথের কাহিনী কবিতা / (Record no. 83040)

MARC details
000 -LEADER
fixed length control field 01438nam a2200253 a 4500
001 - CONTROL NUMBER
RUCL Control Number 83040
003 - CONTROL NUMBER IDENTIFIER
rucl marc code BD-RjUL
005 - DATE AND TIME OF LATEST TRANSACTION
control field 20240211154053.0
008 - FIXED-LENGTH DATA ELEMENTS--GENERAL INFORMATION
fixed length control field 240211s1984 bg ||||| m||| 00| 0 ben d
035 ## - SYSTEM CONTROL NUMBER
system control number (BD-RjUL)83040
040 ## - CATALOGING SOURCE
Original cataloging agency BD-RjUL
Language of cataloging ben / eng
Transcribing agency BD-RjUL
Modifying agency BD-RjUL
041 ## - LANGUAGE CODE
Language code of Book ben
082 ## - DEWEY DECIMAL CLASSIFICATION NUMBER
DDC Edition number 23
Classification number 891.4414
Author mark and Year ASR 1984
100 ## - MAIN ENTRY--PERSONAL NAME
Personal name আসাদুজ্জামান, মহাম্মদ
9 (RLIN) 11630
245 10 - TITLE STATEMENT
Title রবীন্দ্রনাথের কাহিনী কবিতা /
Statement of responsibility, etc মহাম্মদ আসাদুজ্জামান ;
Name of Supervisor/Co-Supervisor গবেষণা পরিচালক : কাজী আব্দুল মান্নান
260 ## - PUBLICATION, DISTRIBUTION, ETC. (IMPRINT)
Place of publication, distribution, etc রাজশাহী :
Name of publisher, distributor, etc বাংলা বিভাগ, রাজশাহী বিশ্ববিদ্যালয়,
Date of publication, distribution, etc ১৯৮৪
300 ## - PHYSICAL DESCRIPTION
Pagination [৪], ২৯০ পাতা ;
Dimensions ২৯ সেমি.
502 ## - DISSERTATION NOTE
Dissertation note থিসিস (পিএইচ. ডি.) -- বাংলা বিভাগ, রাজশাহী বিশ্ববিদ্যালয়, ১৯৮৪
504 ## - BIBLIOGRAPHY, ETC. NOTE
Bibliography, etc তথ্যপঞ্জি : পাতা ২৮৫-২৯০
650 ## - SUBJECT ADDED ENTRY--TOPICAL TERM
Topical term or geographic name as entry element বাংলা সাহিত্য
Form subdivision ইতিহাস ও সমালোচনা
Topical term or geographic name as entry element Bengali literature
Form subdivision History and Criticism
700 ## - ADDED ENTRY--SUPERVISOR/CO-SUPERVISOR NAME
Personal name মান্নান, কাজী আব্দুল, গবেষণা পরিচালক
9 (RLIN) 11631
942 ## - ADDED ENTRY ELEMENTS (KOHA)
Source of classification or shelving scheme Dewey Decimal Classification
Koha item type Theses
Holdings
Source of classification or shelving scheme Damaged status Not for loan Collection code Permanent Location Current Location Shelving location Date of accession Source of acquisition Total Checkouts Full call number Barcode Date last seen Copy number Thesis
Dewey Decimal Classification   Not For Loan Theses Central Library, University of Rajshahi Central Library, University of Rajshahi Documentation Section 13/11/1990 Controller of Exam. R. U.   BTHE 891.4414 ASR 1984 D1493 11/02/2024 C-I Theses